Harry Houdini (Record no. 5718)

MARC details
000 -LEADER
fixed length control field 01228cam a22003734a 4500
001 - CONTROL NUMBER
control field 5718
003 - CONTROL NUMBER IDENTIFIER
control field FISKH
005 - DATE AND TIME OF LATEST TRANSACTION
control field 20250116102316.0
008 - FIXED-LENGTH DATA ELEMENTS--GENERAL INFORMATION
fixed length control field 010705s2002 nyua b 000 0beng
010 ## - LIBRARY OF CONGRESS CONTROL NUMBER
LC control number 2001046043
020 ## - INTERNATIONAL STANDARD BOOK NUMBER
International Standard Book Number 0689848153
020 ## - INTERNATIONAL STANDARD BOOK NUMBER
International Standard Book Number 9780689848155
040 ## - CATALOGING SOURCE
Original cataloging agency DLC
Transcribing agency DLC
Modifying agency DLC
Language of cataloging eng
050 ## - LIBRARY OF CONGRESS CALL NUMBER
Classification number GV1545.H8
082 ## - DEWEY DECIMAL CLASSIFICATION NUMBER
Classification number 793.8
100 1# - MAIN ENTRY--PERSONAL NAME
Personal name Lakin, Patricia,
Dates associated with a name 1944-
245 10 - TITLE STATEMENT
Title Harry Houdini
Remainder of title escape artist /
Statement of responsibility, etc. written by Patricia Lakin.
260 ## - PUBLICATION, DISTRIBUTION, ETC.
Place of publication, distribution, etc. New York :
Name of publisher, distributor, etc. Aladdin,
Date of publication, distribution, etc. 2002.
300 ## - PHYSICAL DESCRIPTION
Extent 31 pages :
Other physical details color illustrations ;
Dimensions 23 cm
440 #0 - SERIES STATEMENT/ADDED ENTRY--TITLE
Title Ready-to-read
505 ## - FORMATTED CONTENTS NOTE
Formatted contents note M<br/>
520 ## - SUMMARY, ETC.
Summary, etc. Simple text describes how Harry Houdini, born Ehrich Weiss, worked hard to become a great magician.
521 8# - TARGET AUDIENCE NOTE
Target audience note 560<br/>
Source Lexile<br/>
521 8# - TARGET AUDIENCE NOTE
Target audience note M<br/>
Source Raz-Plus<br/>
600 10 - SUBJECT ADDED ENTRY--PERSONAL NAME
Personal name Houdini, Harry,
Dates associated with a name 1874-1926
Form subdivision Juvenile literature.
600 11 - SUBJECT ADDED ENTRY--PERSONAL NAME
Personal name Houdini, Harry,
Dates associated with a name 1874-1926.
650 #0 - SUBJECT ADDED ENTRY--TOPICAL TERM
Topical term or geographic name entry element Magicians
Geographic subdivision United States
Form subdivision Biography
-- Juvenile literature.
650 #0 - SUBJECT ADDED ENTRY--TOPICAL TERM
Topical term or geographic name entry element Escape artists
Geographic subdivision United States
Form subdivision Biography
-- Juvenile literature.
650 #1 - SUBJECT ADDED ENTRY--TOPICAL TERM
Topical term or geographic name entry element Magicians.
700 ## - ADDED ENTRY--PERSONAL NAME
Personal name Geary, Rick
Relator term Illustrator
906 ## - LOCAL DATA ELEMENT F, LDF (RLIN)
a 7
b cbc
c orignew
d 1
e ocip
f 20
g y-gencatlg
942 ## - ADDED ENTRY ELEMENTS (KOHA)
Source of classification or shelving scheme Dewey Decimal Classification
Koha item type Books
Suppress in OPAC No
Holdings
Withdrawn status Lost status Source of classification or shelving scheme Damaged status Not for loan Collection Home library Current library Shelving location Date acquired Total Checkouts Full call number Barcode Date last seen Date last checked out Price effective from Koha item type
    Dewey Decimal Classification     Non-Fiction Footprints International School Library Network Toul Kork Campus Footprints International School Library Network Toul Kork Campus TK Primary Library Room(4th Floor), Bookcase 3&4, Shelves 17-32, Yellow Books 01/16/2025 1 LAK 793.8 GV1545.H8 FISTK01093 12/19/2025 10/31/2025 01/16/2025 Books